[Event "Olympiad Women-44"]
[Site "Chennai"]
[Date "2022.08.09"]
[Round "11.2"]
[White "Nansubuga, Gloria"]
[Black "Lampard, Alice"]
[Result "0-1"]
[WhiteElo "1538"]
[BlackElo "1729"]
[PlyCount "126"]
[EventDate "2022.07.29"]
[EventType "team-swiss"]
[EventRounds "11"]
[EventCountry "IND"]
[SourceTitle "CBM 210"]
[Source "ChessBase"]
[SourceDate "2022.10.31"]
[SourceVersion "1"]
[SourceVersionDate "2022.10.31"]
[SourceQuality "1"]
[WhiteTeam "Uganda (W)"]
[BlackTeam "Scotland (W)"]
[WhiteTeamCountry "UGA"]
[BlackTeamCountry "SCO"]

1. d4 Nf6 2. c4 g6 3. Nc3 d5 4. cxd5 Nxd5 5. e4 Nxc3 6. bxc3 Bg7 7. Nf3 0-0 8. Bc4 c5 9. Be3 Nc6 10. 0-0 cxd4 11. Nxd4 Na5 12. Bd3 Bd7 13. Rc1 Rc8 14. Qd2 Nc4 15. Qe2 Nxe3 16. Qxe3 a6 17. f4 Bg4 18. e5 Qb6 19. Kh1 Rfd8 20. Qg3 Bd7 21. f5 Be8 22. fxg6 hxg6 23. e6 Bxd4 24. exf7+ Bxf7 25. cxd4 Rc7 26. Rc2 Rxc2 27. Rd1 Rc1 28. Rxc1 Qxd4 29. Be2 Qd2 30. Qc7 Bxa2 31. h3 Qd7 32. Qb6 Qd6 33. Qxb7 Bd5 34. Qxa6 Qg3 35. Bf3 Bxf3 36. Qe6+ Kf8 37. gxf3 Qxf3+ 38. Kg1 Rd1+ 39. Rxd1 Qxd1+ 40. Kf2 Qc2+ 41. Kg3 Qf5 42. Qc6 Qe5+ 43. Kg2 Qg5+ 44. Kf3 Qf6+ 45. Qxf6+ exf6 46. Kf4 Kg7 47. Kg4 Kh6 48. Kh4 f5 49. Kg3 Kg5 50. Kg2 Kh4 51. Kh2 f4 52. Kg2 g5 53. Kh2 f3 54. Kh1 Kxh3 55. Kg1 Kg3 56. Kh1 Kf2 57. Kh2 Ke2 58. Kg1 f2+ 59. Kg2 f1Q+ 60. Kh2 Qf4+ 61. Kg2 Qg4+ 62. Kh2 Kf2 63. Kh1 Qg2# 0-1

[Event "Olympiad Women-44"]
[Site "Chennai"]
[Date "2022.08.06"]
[Round "8.3"]
[White "Jonet, Davena"]
[Black "Lampard, Alice"]
[Result "0-1"]
[WhiteElo "1458"]
[BlackElo "1729"]
[PlyCount "92"]
[EventDate "2022.07.29"]
[EventType "team-swiss"]
[EventRounds "11"]
[EventCountry "IND"]
[SourceTitle "CBM 210"]
[Source "ChessBase"]
[SourceDate "2022.10.31"]
[SourceVersion "1"]
[SourceVersionDate "2022.10.31"]
[SourceQuality "1"]
[WhiteTeam "Haiti (W)"]
[BlackTeam "Scotland (W)"]
[WhiteTeamCountry "HAI"]
[BlackTeamCountry "SCO"]

1. e4 c5 2. Bc4 Nc6 3. Nf3 e6 4. Nc3 g6 5. d4 d6 6. Bb5 Bd7 7. Bf4 cxd4 8. Bxc6 Bxc6 9. Qxd4 f6 10. Qd2 e5 11. Be3 Qa5 12. a3 f5 13. exf5 Bxf3 14. gxf3 gxf5 15. Qd5 Qxd5 16. Nxd5 Kd7 17. Rg1 f4 18. Bd2 Ne7 19. Nf6+ Ke6 20. Ne4 Rg8 21. Rxg8 Nxg8 22. Ng5+ Kf5 23. Ne4 Nf6 24. Nxf6 Kxf6 25. 0-0-0 Be7 26. Bb4 Ke6 27. Re1 Rg8 28. Rh1 Rg2 29. Be1 Bh4 30. h3 b6 31. b4 Kf7 32. Kb2 h5 33. Kb3 Bxf2 34. Bc3 b5 35. Bb2 Rg3 36. Rf1 Rxf3+ 37. c3 e4 38. a4 bxa4+ 39. Kxa4 e3 40. c4 e2 41. Rxf2 e1Q 42. Rg2 Rg3 43. Rh2 Qg1 44. Rd2 Qb6 45. b5 Qc5 46. Rd5 Qxc4+ 0-1

[Event "Harrogate 4NCL op 27th"]
[Site "Harrogate"]
[Date "2022.01.21"]
[Round "1"]
[White "Lampard, Alice"]
[Black "Wilks, Simon"]
[Result "1/2-1/2"]
[WhiteElo "1754"]
[BlackElo "2092"]
[PlyCount "137"]
[EventDate "2022.01.21"]
[EventType "swiss"]
[EventRounds "5"]
[EventCountry "ENG"]
[SourceTitle "CBM 206 Extra"]
[Source "ChessBase"]
[SourceDate "2022.03.31"]
[SourceVersion "1"]
[SourceVersionDate "2022.03.31"]
[SourceQuality "1"]

1. d4 Nf6 2. c4 e6 3. Nc3 Bb4 4. Qc2 0-0 5. Nf3 d5 6. e3 c5 7. a3 Bxc3+ 8. bxc3 Nc6 9. Be2 Qc7 10. 0-0 Rd8 11. Rd1 Qe7 12. Bb2 b6 13. cxd5 exd5 14. c4 Be6 15. Rac1 cxd4 16. cxd5 Bxd5 17. Nxd4 Nxd4 18. Rxd4 Be6 19. Qc7 Qxc7 20. Rxc7 Rxd4 21. Bxd4 Nd5 22. Rc1 Rc8 23. Rxc8+ Bxc8 24. Be5 Kf8 25. Bb5 Bb7 26. Bd6+ Kg8 27. Kf1 a6 28. Bd3 Nc3 29. f3 b5 30. Ke1 Bd5 31. Kd2 Na4 32. Bb4 f6 33. Bf5 Nb6 34. Kc3 g6 35. Bc2 Kf7 36. Kd4 Ke6 37. e4 Bc4 38. f4 f5 39. Ba5 Nd7 40. e5 Ba2 41. h3 h5 42. Bd1 Bd5 43. g4 hxg4 44. hxg4 Nb8 45. gxf5+ gxf5 46. Kc5 Nc6 47. Bc3 Ne7 48. Kb6 Bc4 49. Kc5 Ng6 50. Bd2 Ba2 51. Be2 Bb3 52. Kb4 Ba2 53. Kc5 Nxe5 54. fxe5 Kxe5 55. Bf3 f4 56. Bc3+ Kf5 57. Kb6 Bc4 58. Kc5 Bf1 59. Kd4 Bh3 60. Bb4 Ke6 61. Ke4 Kd7 62. Kxf4 Kc7 63. Bc5 a5 64. Ke3 Bd7 65. Kd4 b4 66. Bxb4 axb4 67. axb4 Kb6 68. Be2 Bh3 69. Bd3 1/2-1/2

[Event "Online Olym Div2 C"]
[Site "Chess.com INT"]
[Date "2021.09.04"]
[Round "8.1"]
[White "Lampard, Alice"]
[Black "Norman, Kseniya"]
[Result "0-1"]
[WhiteElo "1763"]
[BlackElo "1842"]
[PlyCount "122"]
[EventDate "2021.09.02"]
[EventType "team (rapid)"]
[EventRounds "9"]
[EventCountry "USA"]
[SourceTitle "CBM 204 Extra"]
[Source "ChessBase"]
[SourceDate "2021.11.30"]
[SourceVersion "1"]
[SourceVersionDate "2021.11.30"]
[SourceQuality "1"]
[WhiteTeam "Scotland"]
[BlackTeam "Belarus"]
[WhiteTeamCountry "SCO"]
[BlackTeamCountry "BLR"]

1. d4 Nf6 2. c4 g6 3. Nc3 Bg7 4. e4 d6 5. Nf3 0-0 6. Be2 Nbd7 7. Qc2 e5 8. d5 a5 9. h3 Nc5 10. Be3 b6 11. 0-0 Bd7 12. Nd2 Ne8 13. Nb3 Nxb3 14. Qxb3 f5 15. f3 f4 16. Bf2 Nf6 17. Qd1 g5 18. Qe1 Qe8 19. Bd1 h5 20. Rc1 g4 21. fxg4 hxg4 22. hxg4 Nxg4 23. Bxg4 Bxg4 24. Nb5 f3 25. Bh4 Qg6 26. g3 Rf7 27. Rc2 Bh3 28. Rff2 Bg2 29. Rxg2 fxg2 30. Rxg2 Qg4 31. Rf2 Rxf2 32. Qxf2 Rf8 33. Qg2 Bh6 34. Kh1 Be3 35. Nxc7 Rf2 36. Ne6 Rxg2 37. Kxg2 Qe2+ 38. Kh3 Qf1+ 39. Kg4 Qe2+ 40. Kh3 Qxb2 41. Be7 Qb4 42. Nc7 Kf7 43. Bd8 Qxc4 44. Ne6 Qf1+ 45. Kg4 Qe2+ 46. Kh3 Qh5+ 47. Kg2 Qg4 48. Bc7 Qxe4+ 49. Kh3 Qxd5 50. Nd8+ Ke8 51. a4 Kd7 52. Bxb6 Bxb6 53. g4 Bxd8 54. g5 Bxg5 55. Kg4 e4 56. Kh5 e3 57. Kg6 e2 58. Kh5 e1Q 59. Kg6 Qee6+ 60. Kh7 Qf7+ 61. Kh8 Bf6# 0-1

[Event "Online Olym Div2 C"]
[Site "Chess.com INT"]
[Date "2021.09.04"]
[Round "9.5"]
[White "Tharushi, THD Niklesha"]
[Black "Lampard, Alice"]
[Result "0-1"]
[WhiteElo "1711"]
[BlackElo "1763"]
[PlyCount "130"]
[EventDate "2021.09.02"]
[EventType "team (rapid)"]
[EventRounds "9"]
[EventCountry "USA"]
[SourceTitle "CBM 204 Extra"]
[Source "ChessBase"]
[SourceDate "2021.11.30"]
[SourceVersion "1"]
[SourceVersionDate "2021.11.30"]
[SourceQuality "1"]
[WhiteTeam "Sri Lanka"]
[BlackTeam "Scotland"]
[WhiteTeamCountry "SRI"]
[BlackTeamCountry "SCO"]

1. d4 Nf6 2. c4 g6 3. Nc3 d5 4. cxd5 Nxd5 5. e4 Nxc3 6. bxc3 Bg7 7. Bc4 0-0 8. Be3 c5 9. Ne2 cxd4 10. cxd4 Nc6 11. 0-0 Bd7 12. Rb1 b6 13. a3 e6 14. f4 Qe7 15. Qd3 Rfd8 16. Rfc1 Na5 17. Bb5 Rac8 18. Ba6 Rc6 19. Bd2 Rxc1+ 20. Rxc1 Nc6 21. e5 h5 22. Bb7 Nb8 23. Bb4 Qe8 24. Bd6 Bb5 25. Qe3 Bxe2 26. Qxe2 Qa4 27. Rc4 Qb3 28. Bc8 Nd7 29. Bxd7 Rxd7 30. Rc8+ Kh7 31. Qc2 Qb5 32. Qc6 Qb1+ 33. Kf2 Qb2+ 34. Ke3 Qb3+ 35. Qc3 Qd1 36. Qd2 Qg1+ 37. Kf3 Qf1+ 38. Kg3 Qa6 39. Qc3 Bh6 40. Qc4 Qa5 41. Qc3 Qd5 42. Qc4 Qa5 43. Bb4 Qa4 44. Bd6 Qd1 45. Qc3 Qg4+ 46. Kf2 Qxf4+ 47. Ke1 Qxh2 48. Qc6 Qg1+ 49. Ke2 Qe3+ 50. Kf1 Qd3+ 51. Ke1 Be3 52. Qc2 Qxd4 53. Rc4 Qd5 54. Ke2 Bh6 55. Rc8 Qxg2+ 56. Kd3 Qf3+ 57. Kc4 Qd5+ 58. Kb4 a5+ 59. Kc3 Be3 60. Kb2 Bd4+ 61. Kb1 Qh1+ 62. Ka2 Qd5+ 63. Kb1 Qb5+ 64. Kc1 Be3+ 65. Kd1 Qf1# 0-1

[Event "Online Olym Div3 C"]
[Site "Chess.com INT"]
[Date "2021.08.29"]
[Round "9.4"]
[White "Pires, Luzia"]
[Black "Lampard, Alice"]
[Result "1/2-1/2"]
[WhiteElo "1768"]
[BlackElo "1763"]
[PlyCount "74"]
[EventDate "2021.08.27"]
[EventType "team-tourn (rapid)"]
[EventRounds "9"]
[EventCountry "USA"]
[SourceTitle "CBM 204 Extra"]
[Source "ChessBase"]
[SourceDate "2021.11.30"]
[SourceVersion "1"]
[SourceVersionDate "2021.11.30"]
[SourceQuality "1"]
[WhiteTeam "Angola"]
[BlackTeam "Scotland"]
[WhiteTeamCountry "ANG"]
[BlackTeamCountry "SCO"]

1. Nf3 d5 2. d4 Nf6 3. g3 g6 4. Bg2 Bg7 5. 0-0 0-0 6. b3 Nbd7 7. Bb2 e6 8. Nbd2 c5 9. Rc1 b5 10. c4 bxc4 11. bxc4 Rb8 12. Ba1 cxd4 13. Bxd4 dxc4 14. Nxc4 a5 15. Qa4 Rb4 16. Qxa5 Qxa5 17. Nxa5 Ba6 18. Rfe1 Ra4 19. Nc6 Rxa2 20. Bf1 Nd5 21. Bxg7 Kxg7 22. Ra1 Rxa1 23. Rxa1 Bb7 24. Nce5 Nxe5 25. Nxe5 Ra8 26. Rxa8 Bxa8 27. Bg2 Nc7 28. Bxa8 Nxa8 29. Kg2 Kf6 30. Nd3 Nb6 31. f3 Nc4 32. e4 Ne5 33. Nc5 g5 34. h3 Ng6 35. Nd3 Ne5 36. Nc5 Ng6 37. Kf2 h5 1/2-1/2

[Event "GBR-ch Atkins op 106th"]
[Site "Torquay"]
[Date "2019.07.27"]
[Round "3"]
[White "Cukovs, Oleg"]
[Black "Lampard, Alice"]
[Result "0-1"]
[WhiteElo "1897"]
[BlackElo "1729"]
[PlyCount "140"]
[EventDate "2019.07.26"]
[EventType "swiss"]
[EventRounds "5"]
[EventCountry "ENG"]
[SourceTitle "EXT 2021"]
[Source "ChessBase"]
[SourceDate "2020.10.23"]
[SourceVersion "1"]
[SourceVersionDate "2020.10.23"]
[SourceQuality "1"]

1. e4 c5 2. c3 g6 3. d4 cxd4 4. cxd4 d5 5. exd5 Nf6 6. Bc4 Nxd5 7. Qb3 e6 8. Nc3 Nxc3 9. bxc3 Bg7 10. Ba3 Nc6 11. Nf3 Na5 12. Bb5+ Bd7 13. Qa4 Nc6 14. Qb3 a6 15. Bd3 Qc7 16. 0-0 Na5 17. Qc2 Rc8 18. Bb4 Nc6 19. Bc5 b6 20. Ba3 Nxd4 21. Nxd4 Bxd4 22. Bxa6 Ra8 23. Qe4 Bxf2+ 24. Rxf2 Rxa6 25. Qd4 Rg8 26. Bd6 Qd8 27. Raf1 f5 28. Rd2 Ra4 29. Bb4 Ra7 30. Rfd1 g5 31. Qe5 Kf7 32. Qd6 Kg6 33. Qxe6+ Bxe6 34. Rxd8 Rxd8 35. Rxd8 Rxa2 36. Rd6 Kf7 37. Rxb6 Bd5 38. g3 Rg2+ 39. Kf1 Rxh2 40. Rd6 Bc4+ 41. Kg1 Ra2 42. Rd7+ Kg6 43. Rd6+ Kh5 44. Rd4 Ba6 45. Bd6 Rc2 46. Ra4 Bd3 47. Be5 Be4 48. Ra7 h6 49. Ra6 Rg2+ 50. Kf1 Rxg3 51. Rxh6+ Kxh6 52. Bxg3 Kh5 53. Be5 Kg4 54. Kf2 f4 55. c4 Kf5 56. Bd4 g4 57. Ba7 g3+ 58. Kg1 Kg4 59. Bd4 Kf3 60. Bb6 Ke2 61. Bc7 Ke3 62. Bb6+ Kf3 63. Bc5 Bd3 64. Bd6 Ke4 65. c5 Bb5 66. Bc7 Bc6 67. Bd6 Kf3 68. Be5 Kg4 69. Bc3 f3 70. Be1 Kh3 0-1

[Event "UK-ch blitz (Women) op"]
[Site "Solihull"]
[Date "2018.12.01"]
[Round "3"]
[White "Norinkeviciute, Rasa"]
[Black "Lampard, Alice"]
[Result "1-0"]
[WhiteElo "1995"]
[BlackElo "1700"]
[PlyCount "91"]
[EventDate "2018.12.01"]
[EventType "tourn (blitz)"]
[EventRounds "15"]
[EventCountry "ENG"]
[SourceTitle "EXT 2020"]
[Source "ChessBase"]
[SourceDate "2019.10.17"]
[SourceVersion "1"]
[SourceVersionDate "2019.10.17"]
[SourceQuality "1"]

1. c4 g6 2. g3 Bg7 3. Bg2 c5 4. Nc3 Nc6 5. Nf3 d6 6. e4 Bg4 7. h3 Bxf3 8. Bxf3 e6 9. d3 Nge7 10. Bg2 0-0 11. 0-0 a6 12. Be3 Rb8 13. Qd2 f5 14. Rad1 Nd4 15. b3 Nec6 16. Kh2 b5 17. Bg5 Qd7 18. Rde1 Ne5 19. f4 Nf7 20. exf5 exf5 21. Re7 Qc8 22. Rfe1 Nc6 23. R7e2 h6 24. Be7 Nxe7 25. Rxe7 Bf6 26. R7e6 Kg7 27. Nd5 Bd4 28. R1e2 Qd7 29. Re7 Qd8 30. Rc7 Rc8 31. Rce7 b4 32. Kh1 a5 33. Kh2 Kg8 34. Qe1 Kg7 35. Ne3 Bxe3 36. R2xe3 Qb6 37. Bd5 Rc7 38. R3e6 Rxe7 39. Rxe7 Qd8 40. Qe6 a4 41. Rxf7+ Rxf7 42. Qxf7+ Kh8 43. Qxg6 axb3 44. axb3 Qe7 45. Qxh6+ Qh7 46. Qf8+ 1-0

[Event "SCO-ch 124th"]
[Site "Dundee"]
[Date "2017.07.21"]
[Round "7"]
[White "Lampard, Alice"]
[Black "Dawson, Euan"]
[Result "1/2-1/2"]
[WhiteElo "1595"]
[BlackElo "1784"]
[PlyCount "119"]
[EventDate "2017.07.15"]
[EventType "swiss"]
[EventRounds "9"]
[EventCountry "SCO"]
[SourceTitle "CBM 179 Extra"]
[Source "ChessBase"]
[SourceDate "2017.08.23"]
[SourceVersion "1"]
[SourceVersionDate "2017.08.23"]
[SourceQuality "1"]

1. d4 d5 2. c4 dxc4 3. Nf3 a6 4. e3 Bg4 5. Bxc4 e6 6. Nc3 Nf6 7. 0-0 Nc6 8. a3 Bd6 9. b4 0-0 10. Be2 Qe7 11. Bb2 Rad8 12. Qc2 e5 13. d5 Nb8 14. e4 Nh5 15. Nd2 Bxe2 16. Nxe2 c6 17. Nc3 Nf4 18. Nf3 f5 19. dxc6 fxe4 20. Nxe4 Nxc6 21. Rfe1 Ng6 22. Rad1 Bb8 23. Nfg5 Kh8 24. Qb3 Nd4 25. Qh3 h6 26. Bxd4 Rxd4 27. Rxd4 exd4 28. Nf3 Nf4 29. Qg4 Qc7 30. g3 Nd3 31. Rd1 Qc2 32. Rf1 Ba7 33. Nh4 Ne5 34. Ng6+ Nxg6 35. Qxg6 d3 36. Qd6 Re8 37. Qd5 Qc6 38. Qxc6 bxc6 39. Nc3 Bd4 40. Nd1 Re2 41. Kg2 d2 42. h4 Re1 43. f4 Kg8 44. f5 Kf7 45. g4 Kf6 46. a4 Ke5 47. g5 hxg5 48. hxg5 Rxf1 49. Kxf1 Kxf5 50. Ke2 Kxg5 51. Kd3 Ba7 52. Kxd2 Kf4 53. Ke2 Ke4 54. b5 cxb5 55. axb5 axb5 56. Nc3+ Kf4 57. Nxb5 Bb6 58. Nc3 Bd4 59. Nb5 Ba1 60. Kf2 1/2-1/2